000
00205 a2200097 4500
001
29304
100
_a
Modoodi
245
_a
Rasail-o-Masail (Vol-II)
260
_a
_b
Pak Islamia
_c
090
_c
19521
_d
19521
942
_a
NUST-CAE
_c
M
_c
10582
999
_c
264377
_d
264377